[Event "JUG-ch"]
[Site "Novi Sad"]
[Date "1985.??.??"]
[Round "?"]
[White "Barlov, Dragan"]
[Black "Vucinic, Pero"]
[Result "1-0"]
[WhiteElo "2430"]
[BlackElo "2350"]

1.d4 Nf6 2.c4 e6 3.Nf3 b6 4.a3 Bb7 5.Nc3 d5 6.cxd5 Nxd5 7.e4 Nxc3 8.bxc3 Bxe4
9.Ne5 c6 10.Qe2 Bg6 11.h4 f6 12.Nxg6 hxg6 13.Qxe6+ Qe7 14.Qxe7+ Bxe7 15.g3 Kd7
16.Bg2 Bd6 17.a4 Kc7 18.O-O Nd7 19.c4 a5 20.Bd2 Rhe8 21.Bf3 Ra6 22.Rfe1 Rxe1+
23.Rxe1 Ra8 24.Kg2 Nf8 25.h5 g5 26.h6 gxh6 27.Rh1 Bb4 28.Be3 Nd7 29.Rxh6 Rf8
30.Rh7 Kd6 31.Bg4 f5 32.Bf3 f4 33.gxf4 gxf4 34.Bg4 Nb8 35.Bc1 Bc3 36.Ba3+ Bb4
37.Bb2 b5 38.Rh6+ Kc7 39.axb5 cxb5 40.cxb5 Rg8 41.Kf3 a4 42.d5 Bc5 43.Be5+ Kb7
44.Be6 Re8 45.d6 a3 46.Bd5+ Kc8 47.Re6 Kd7 48.Re7+ Kd8 49.Ke4 Nd7 50.Rxd7+ Kxd7
51.Bc6+ Kd8 52.Bxe8 Kxe8 53.Kd5 Bxf2 54.Kc6 Kf7 55.d7 Bh4 56.Bxf4 Bf6 57.Be5 Bg5  1-0

[Event "Poznan"]
[Site "Poznan"]
[Date "1985.??.??"]
[Round "7"]
[White "Novikov, Igor A"]
[Black "Stempin, Pawel"]
[Result "1/2-1/2"]
[WhiteElo "2460"]
[BlackElo "2390"]

1.d4 Nf6 2.c4 e6 3.Nf3 b6 4.a3 Bb7 5.Nc3 d5 6.cxd5 Nxd5 7.Qa4+ Nd7 8.Nxd5 Bxd5
9.Bg5 Qc8 10.Rc1 Bd6 11.Nd2 c5 12.dxc5 bxc5 13.e4 Bc6 14.Bb5 Bxb5 15.Qxb5 O-O
16.Nc4 a6 17.Qa5 Bc7 18.Qc3 Qb8 19.g3  1/2-1/2

[Event "Reykjavik playoff"]
[Site "Reykjavik"]
[Date "1985.??.??"]
[Round "3"]
[White "Agdestein, Simen"]
[Black "Petursson, Margeir"]
[Result "1-0"]
[WhiteElo "2500"]
[BlackElo "2535"]

1.d4 Nf6 2.c4 e6 3.Nf3 b6 4.a3 Bb7 5.Nc3 d5 6.cxd5 Nxd5 7.Qa4+ Nd7 8.Nxd5 Bxd5
9.Bg5 Qc8 10.Rc1 Bd6 11.Nd2 c5 12.dxc5 bxc5 13.e4 Bc6 14.Qc2 Qc7 15.Bh4 O-O
16.Bg3 Rab8 17.Be2 a5 18.b3 Rfd8 19.O-O Bxg3 20.hxg3 Qb7 21.Rfd1 h6 22.Qc3 Qa8
23.a4 Rb4 24.Bc4 Nf6 25.f3 Qb8 26.g4 Rd4 27.Be2 Nd7 28.Qe3 Qa7 29.Kf2 Ne5
30.Rc3 Rb8 31.Rdc1 Rbd8 32.Nc4 Nd7 33.Na3 Qb6 34.R1c2 Nf6 35.Rxc5 Bxe4 36.R2c4 Rxc4
37.Nxc4 Qa7 38.Rxa5 Qxe3+ 39.Nxe3 Bb1 40.Ke1 Rb8 41.Rb5  1-0

[Event "Reykjavik"]
[Site "Reykjavik"]
[Date "1985.??.??"]
[Round "5"]
[White "Petursson, Margeir"]
[Black "Hjartarson, Johann"]
[Result "1-0"]
[WhiteElo "2535"]
[BlackElo "2530"]

1.d4 Nf6 2.c4 e6 3.Nf3 b6 4.a3 Bb7 5.Nc3 d5 6.cxd5 exd5 7.Bg5 Be7 8.Bxf6 Bxf6
9.e3 O-O 10.Qb3 Re8 11.Rd1 c6 12.Bd3 Nd7 13.O-O Nf8 14.Rfe1 Ne6 15.Bb1 g6
16.Ba2 Qc7 17.Qc2 Rad8 18.b4 a6 19.Rc1 Qb8 20.Na4 Qa7 21.Bb3 a5 22.Nb2 Rc8
23.Nd3 Red8 24.Red1 Be7 25.Nfe5 c5 26.bxc5 bxc5 27.dxc5 Nxc5 28.Nxc5 Rxc5
29.Qe2 Rxc1 30.Rxc1 Bxa3 31.Nxf7 Rd7 32.Ne5 Bxc1 33.Nxd7 Bc8 34.Nf6+ Kg7
35.Ne8+ Kf8 36.Qc2 Be6 37.Nc7  1-0

[Event "Reykjavik"]
[Site "Reykjavik"]
[Date "1985.??.??"]
[Round "8"]
[White "Petursson, Margeir"]
[Black "Arnason, Jon L"]
[Result "1-0"]
[WhiteElo "2535"]
[BlackElo "2495"]

1.d4 Nf6 2.c4 e6 3.Nf3 b6 4.a3 Bb7 5.Nc3 d5 6.cxd5 Nxd5 7.Qc2 c5 8.dxc5 Bxc5
9.Bg5 Qc8 10.Rc1 h6 11.Bd2 Nf6 12.b4 Be7 13.Nb5 Nc6 14.Qa4 a5 15.bxa5 O-O
16.g3 Qd7 17.Bg2 e5 18.O-O e4 19.Rfd1 exf3 20.Bxf3 Bc5 21.Bf4 Qh3 22.Bd6 Rxa5
23.Qb3 Nd8 24.Bxf8 Ng4 25.Bxc5 bxc5 26.Rxd8+ Kh7 27.Qc2+ g6 28.Qxc5 Rxb5
29.Rh8+ Kg7 30.Qd4+ Re5 31.Qxg4 Qxg4 32.Bxg4 Kxh8 33.f4 Ra5 34.Rc3 f5 35.Bf3 Bxf3
36.Rxf3 Kg7 37.Rb3 Kf6 38.Kf2 g5 39.Kf3 Ra4 40.h3 Kg6 41.e3 Kh5 42.Rc3 Kg6
43.Ke2 Ra8 44.Kd3 Rd8+ 45.Kc2 Ra8 46.Kb3 Rb8+ 47.Ka2 Ra8 48.Rc6+ Kh5 49.Rc4 Re8
50.Rc3 Ra8 51.Kb3 Rb8+ 52.Kc2 Ra8 53.Kd3 Rd8+ 54.Ke2 Ra8 55.Kf3 Kg6 56.g4 gxf4
57.exf4 Ra6 58.Kg3 Kf6 59.Kh4 Ra4 60.Kg3 Ra6 61.Rf3 Ra4 62.Re3 Ra6 63.Kf3 Ra4
64.Rd3 Kg6 65.Kg3 Ra6 66.Kh4 Ra4 67.Kg3 Ra6 68.Re3 Kf6 69.Rb3 Kg6 70.Kh4 Ra4
71.Rb4 Rxa3 72.Rb6+ Kg7 73.gxf5 h5 74.Rg6+ Kf7 75.Rg3 Ra8 76.Kxh5 Kf6 77.Rg5 Ra1
78.h4 Rh1 79.Kg4 Rg1+ 80.Kf3 Rf1+ 81.Kg3 Rg1+ 82.Kf2 Rh1 83.Rh5 Ra1 84.Kg2 Rb1
85.Rg5 Rb2+ 86.Kg3 Rb1 87.Kg4 Rg1+ 88.Kh5 Rh1 89.Rg8 Kxf5 90.Rf8+ Ke6 91.Kg6 Rg1+
92.Kh6 Ke7 93.Rf5 Ke6 94.Rg5 Rf1 95.Rg4 Kf5 96.Rg8 Ke6 97.Rf8 Ke7 98.Rf5 Rg1
99.h5 Rg4 100.Kh7 Ke6 101.Rf8 Ke7 102.Rf5 Ke6 103.Re5+ Kf6 104.Re8 Kf7 105.Re4 Rg7+
106.Kh6 Rg4 107.Ra4 Kg8 108.Rb4 Kf7 109.Rb7+ Kf6 110.Rb8 Kf7 111.f5 Rg1 112.Kh7 Rg7+
113.Kh8 Rg5 114.Rb7+ Kf8 115.Kh7 Rxf5 116.Kg6 Rf1 117.Rb8+ Ke7 118.h6 Ke6
119.Re8+ Kd7 120.Re5 Rg1+ 121.Rg5 Re1 122.h7  1-0

[Event "Pugi mem"]
[Site "Toronto"]
[Date "1985.??.??"]
[Round "1"]
[White "Shtern, Igor"]
[Black "Nickoloff, Bryon"]
[Result "0-1"]
[WhiteElo "2265"]
[BlackElo "2415"]

1.d4 Nf6 2.c4 e6 3.Nf3 b6 4.a3 Bb7 5.Nc3 d5 6.cxd5 exd5 7.Bg5 Be7 8.Qa4+ c6
9.e3 Nbd7 10.Bd3 O-O 11.Rc1 a6 12.Qc2 c5 13.O-O c4 14.Be2 b5 15.Ne5 Nb6 16.Bf3 Ne8
17.Bf4 f6 18.Ng4 f5 19.Ne5 g5 20.Bg3 f4 21.exf4 gxf4 22.Bg4 Ng7 23.Rce1 Bd6
24.Qd2 fxg3 25.hxg3 Qf6 26.f4 Rae8 27.Qf2 Bc8 28.Bxc8 Rxc8 29.Qf3 Kh8 30.Nxd5 Nxd5
31.Qxd5 Rcd8 32.Qb7 Bxe5 33.fxe5 Qe6 34.Rxf8+ Rxf8 35.Rf1 Rxf1+ 36.Kxf1 h5
37.Kg1 Qg4 38.Qb6 Kh7 39.Qd6 Qe4 40.Kh2 h4 41.Qxa6 hxg3+ 42.Kh3 Qf5+ 43.Kxg3 Nh5+
44.Kh4 Nf4 45.Qb7+ Kh6 46.g4 Ng6+ 47.Kg3 Qf4+ 48.Kh3 Qxd4 49.Qxb5 Nf4+  0-1

[Event "Tirnavia"]
[Site "Trnava"]
[Date "1985.??.??"]
[Round "3"]
[White "Kallai, Gabor"]
[Black "Stohl, Igor"]
[Result "1/2-1/2"]
[WhiteElo "2445"]
[BlackElo "2445"]

1.d4 Nf6 2.c4 e6 3.Nf3 b6 4.a3 Bb7 5.Nc3 d5 6.cxd5 Nxd5 7.e4 Nxc3 8.bxc3 Bxe4
9.Ne5 Qh4 10.g3 Qf6 11.Bb5+ c6 12.f3 Bd5 13.Be2 b5 14.a4 Bd6 15.Ng4 Qe7 16.Ne3 O-O
17.O-O Qc7 18.Qe1 Nd7 19.axb5 cxb5 20.Bxb5 Nb6 21.Rf2 Bb7 22.Bd3 e5 23.Nf5 Rfe8
24.Nxd6 Qxd6 25.Re2 Bxf3  1/2-1/2

[Event "SWE-ch"]
[Site "Uppsala"]
[Date "1985.??.??"]
[Round "?"]
[White "Eriksson, Anders"]
[Black "Ornstein, Axel"]
[Result "1/2-1/2"]
[WhiteElo "2200"]
[BlackElo "2440"]

1.d4 Nf6 2.Nf3 e6 3.c4 b6 4.a3 Bb7 5.Nc3 d5 6.cxd5 exd5 7.Bf4 Bd6 8.Bxd6 Qxd6
9.e3 O-O 10.Be2 c5 11.O-O Nbd7 12.Rc1 Rac8 13.Qa4 Qb8 14.Bb5 Rfd8 15.Bxd7 Rxd7
16.h3 Re7 17.b4 c4 18.b5 Ne8 19.Qb4 Nd6 20.a4 Qc7 21.Ra1 Rd8 22.Nd2 Nf5 23.a5 Re6
24.axb6 axb6 25.Nf3 f6 26.Ra7 Ree8 27.Rfa1 Ne7 28.Qb1 Nc8 29.R7a3 Nd6 30.Nd2 Ra8
31.Rxa8 Rxa8 32.Rxa8+ Bxa8 33.Qa2 Qb8 34.e4 Bb7 35.exd5 Qa8 36.Qxa8+ Bxa8
37.Kf1 Kf7 38.Ke1 Ke7 39.Kd1 Bb7 40.Kc2 Bc8 41.Nde4 Nxe4 42.Nxe4 Bd7 43.d6+ Ke6
44.Nc3 Kxd6 45.Kb2 g5 46.Ka3 h5 47.Kb4 Be6 48.Na4 Kc7 49.Nb2 Bd5 50.f3 g4
51.fxg4 h4 52.Nxc4 Bxg2 53.Ne3 Bxh3 54.Nf5 Bxg4 55.Nxh4 Kd6 56.Ng2 Bh3 57.Nf4 Bf1  1/2-1/2

[Event "Baku"]
[Site "Baku"]
[Date "1986.??.??"]
[Round "?"]
[White "Van der Sterren, Paul"]
[Black "King, Daniel J"]
[Result "1/2-1/2"]
[WhiteElo "2470"]
[BlackElo "2435"]

1.d4 Nf6 2.c4 e6 3.Nf3 b6 4.a3 Ba6 5.Qc2 Bb7 6.Nc3 c5 7.e4 cxd4 8.Nxd4 d6
9.Be2 Be7 10.O-O O-O 11.Be3 Nbd7 12.Rfd1 a6 13.f3 Qc7 14.Rac1 Rac8 15.a4 Qb8
16.Bf1 Rfe8 17.Qf2 Bd8 18.b4 Ne5 19.Nb1 d5 20.cxd5 exd5 21.Rxc8 Bxc8 22.h3 dxe4
23.f4 Nd3 24.Bxd3 exd3 25.Rxd3 Bb7 26.Nc3 Qc8 27.Nf3 Qc4 28.Ne5 Qxb4 29.Qa2 Qe7
30.Qb3 Bc7 31.Bxb6 Bxe5 32.fxe5 Qxe5 33.Bf2 Qc7 34.Bg3 Qc6 35.Qb2 Ne4 36.Nxe4 Qxe4
37.Rb3 Bc6 38.Rb4 Qe6 39.Rb8 Bxa4 40.Rb6 Qc8 41.Be5 Bb5 42.Rb8 Qc5+ 43.Bd4 Qf8
44.Rxe8 Bxe8 45.Qb8 Qe7 46.Qe5 Qxe5 47.Bxe5  1/2-1/2

[Event "Berlin op"]
[Site "Berlin-West"]
[Date "1986.??.??"]
[Round "?"]
[White "Arduman, Can"]
[Black "Muse, Mladen"]
[Result "0-1"]
[WhiteElo "2285"]
[BlackElo "2425"]

1.d4 Nf6 2.c4 e6 3.Nf3 b6 4.a3 Ba6 5.Qc2 c5 6.d5 exd5 7.cxd5 Bb7 8.e4 Qe7
9.Nc3 Nxd5 10.Bg5 f6 11.Nxd5 Bxd5 12.O-O-O Be6 13.Bf4 g5 14.Be3 Nc6 15.e5 h6
16.exf6 Qxf6 17.Nd2 d5 18.Bb5 Bd7 19.Nf3 Ne7 20.Bxd7+ Kxd7 21.Rhe1 Bg7 22.Bd2 Nc6
23.Bc3 d4 24.Nd2 Kc7 25.Ne4 Qf7 26.Bd2 Qa2 27.Qb1 Qc4+ 28.Qc2 Qxc2+ 29.Kxc2 Rhf8
30.f3 Ne5 31.h4 g4 32.fxg4 Nxg4 33.Nxc5 bxc5 34.Re7+ Kd6 35.Rxg7 h5 36.Rg6+ Rf6
37.Bf4+ Kd5 38.Rxf6 Nxf6 39.Rf1 Ne4 40.Bg5 Rg8 41.Rf7 Nxg5 42.hxg5 Rxg5 43.Rxa7 Rxg2+
44.Kb3 c4+ 45.Ka4 Rxb2 46.Rh7 c3 47.Rh8 Kc4 48.Rc8+ Kd3 49.Ka5 c2  0-1

[Event "Biel-JMT"]
[Site "Biel"]
[Date "1986.??.??"]
[Round "?"]
[White "Costa, Jean Luc"]
[Black "Trepp, Markus"]
[Result "1/2-1/2"]
[WhiteElo "2315"]
[BlackElo "2380"]

1.d4 Nf6 2.c4 e6 3.Nf3 b6 4.a3 c5 5.d5 Ba6 6.Qc2 exd5 7.cxd5 g6 8.Nc3 Bg7
9.Bf4 d6 10.Qa4+ Qd7 11.Bxd6 Qxa4 12.Nxa4 Nxd5 13.e4 Bxf1 14.Rxf1 Nf6 15.Nc3 Nc6
16.O-O-O O-O-O 17.h3 Rhe8 18.Rfe1 Re6 19.Bf4 Nd4 20.Bg5 Rd7 21.Bxf6 Rxf6
22.Nd5 Re6 23.Nxd4 Bxd4 24.f3 Kb7 25.Kc2 Kc6  1/2-1/2

[Event "SWIFT"]
[Site "Brussels"]
[Date "1986.??.??"]
[Round "?"]
[White "Winants, Luc"]
[Black "Ljubojevic, Ljubomir"]
[Result "1/2-1/2"]
[WhiteElo "2340"]
[BlackElo "2605"]

1.d4 Nf6 2.c4 e6 3.Nf3 b6 4.a3 Ba6 5.Qc2 c5 6.d5 exd5 7.cxd5 Bb7 8.e4 Qe7
9.Bd3 Nxd5 10.O-O Nc7 11.b4 Ne6 12.Nc3 Nc6 13.Nd5 Qd8 14.bxc5 Bxc5 15.Bb2 Rc8
16.Qd2 O-O 17.Rad1 Ncd4 18.Nxd4 Bxd4 19.Bxd4 Nxd4 20.Bb1 Nb3 21.Qe3 Nc5 22.e5 Bxd5
23.Rxd5 Qe7 24.f4 Rc6 25.Rfd1 f5 26.a4 g6 27.Qa3 Qg7 28.Ba2 Kh8 29.Bc4 Rc7
30.Bb5 Rf7 31.a5 g5 32.axb6 axb6 33.fxg5 Qxg5 34.Qa8+ Qg8 35.Qxg8+ Kxg8 36.Rd6 Re7
37.Rxb6 Rxe5 38.Rbd6 Ne4 39.Rxd7 Rxd7 40.Rxd7  1/2-1/2

[Event "JUG-ch"]
[Site "Budva"]
[Date "1986.??.??"]
[Round "?"]
[White "Cebalo, Miso"]
[Black "Dzevlan, Miralem"]
[Result "1-0"]
[WhiteElo "2515"]
[BlackElo "2330"]

1.d4 Nf6 2.c4 e6 3.Nf3 b6 4.a3 Ba6 5.Qc2 Bb7 6.Nc3 c5 7.dxc5 bxc5 8.Bf4 d6
9.Rd1 a6 10.e3 Qc7 11.h3 Be7 12.Be2 O-O 13.O-O Nbd7 14.Rd2 h6 15.Rfd1 e5
16.Bg3 Rfe8 17.Nh4 Bf8 18.Nf5 Re6 19.e4 Rb8 20.Ne3 Ree8 21.b4 cxb4 22.axb4 Bc6
23.Rb1 Rec8 24.f3 Nh5 25.Ncd5 Qd8 26.Bf2 Qg5 27.Bf1 Nf4 28.Kh2 h5 29.Qd1 g6
30.Qe1 Nxd5 31.Nxd5 Bxd5 32.Be3 Qd8 33.cxd5 a5 34.b5 Nc5 35.Ra2 a4 36.Qb4 Be7
37.b6 Bg5 38.Bf2 h4 39.Kh1 Bf4 40.Rc2 Kg7 41.Rc4 Rb7 42.Qb2 Rcb8 43.Rxc5 dxc5
44.Bxc5 Qg5 45.Qf2 a3 46.Ba6 Rxb6 47.Rxb6 a2 48.Qxa2 Qg3 49.Kg1 Qe1+ 50.Bf1 Be3+
51.Kh2 Bf4+ 52.g3 Qxg3+ 53.Kh1 Rc8 54.Rc6 Ra8 55.Qf2 Qg5 56.Ba6 Rb8 57.Rb6 Bg3
58.Qe3 Bf4 59.Qg1 Qd8 60.Rxb8 Qxb8 61.d6  1-0

[Event "ITA-ch46"]
[Site "Cesenatico"]
[Date "1986.??.??"]
[Round "7"]
[White "Sibilio, Mario"]
[Black "De Eccher, Stefano"]
[Result "1/2-1/2"]
[WhiteElo "2305"]
[BlackElo "2325"]

1.d4 Nf6 2.Nf3 e6 3.c4 b6 4.a3 Bb7 5.Nc3 Ne4 6.Nxe4 Bxe4 7.Nd2 Bb7 8.e4 Qf6
9.d5 Bc5 10.Qf3 Qxf3 11.Nxf3 exd5 12.cxd5 O-O 13.b4 Bd6 14.Bd3 c6 15.e5 Re8
16.O-O Bxe5 17.Re1 d6 18.Nxe5 dxe5 19.d6 Nd7 20.Bf5 Bc8 21.Bb2 g6 22.Be4 Nb8
23.b5 Bd7 24.Rac1 Rc8 25.Bxe5 a6 26.a4 axb5 27.axb5 Ra5 28.bxc6 Nxc6 29.Bf6 Rc5
30.Rxc5 bxc5 31.f3 Kf8 32.Bd5 Re8 33.Rc1 Nb4 34.Be7+ Kg7 35.Rxc5 Nxd5 36.Rxd5 f5
37.Kf2 Kf7 38.Ra5 Ke6 39.g4 fxg4 40.fxg4 Rb8 41.Ra3 Rb2+ 42.Kg3 Rb5 43.Rf3 g5
44.Rf6+ Ke5 45.h3 Rb3+ 46.Kg2 Rb2+ 47.Kg1 Rb1+ 48.Kf2 Rb2+ 49.Ke1 h5 50.gxh5 Rb3
51.h4 gxh4 52.h6 h3 53.h7 h2 54.Rf1 Rb1+ 55.Kd2 h1=Q 56.Bf6+ Kxd6 57.Rxh1 Rxh1
58.h8=Q Rxh8 59.Bxh8  1/2-1/2

[Event "Capablanca mem-A"]
[Site "Cienfuegos"]
[Date "1986.??.??"]
[Round "1"]
[White "Boensch, Uwe"]
[Black "Sunye Neto, Jaime"]
[Result "1-0"]
[WhiteElo "2475"]
[BlackElo "2480"]

1.d4 Nf6 2.c4 e6 3.Nf3 b6 4.a3 d5 5.cxd5 exd5 6.Bg5 Be7 7.Nc3 O-O 8.e3 Bb7
9.Bxf6 Bxf6 10.Qb3 c5 11.Rd1 c4 12.Qc2 Nc6 13.g3 Re8 14.Bg2 Na5 15.O-O Rc8
16.Qf5 g6 17.Qf4 Rc6 18.Ne5 Rce6 19.Ng4 Bg5 20.Nh6+ Bxh6 21.Qxh6 a6 22.Rfe1 f5
23.Bf3 Rd6 24.h4 Bc8 25.Ne2 Qf6 26.Nf4 Red8 27.Nh3 Qg7 28.Qf4 Nc6 29.Bg2 h6
30.b3 b5 31.bxc4 dxc4 32.Qf3 Bb7 33.Qe2 Kh7 34.Nf4 Qf7 35.h5 g5 36.Ng6 Ne7
37.Ne5 Qe8 38.Bxb7 a5 39.Bg2 Nd5 40.Bxd5 Rxd5 41.a4 c3 42.axb5  1-0

[Event "Capablanca mem-A"]
[Site "Cienfuegos"]
[Date "1986.??.??"]
[Round "7"]
[White "Boensch, Uwe"]
[Black "Vladimirov, Evgeny"]
[Result "1-0"]
[WhiteElo "2475"]
[BlackElo "2490"]

1.d4 Nf6 2.c4 e6 3.Nf3 b6 4.a3 Bb7 5.Nc3 d5 6.Bg5 Be7 7.e3 Nbd7 8.cxd5 Nxd5
9.Nxd5 Bxd5 10.Bxe7 Qxe7 11.Rc1 c5 12.Bb5 O-O 13.Bxd7 Qxd7 14.dxc5 Qb7 15.Qe2 bxc5
16.O-O Rfc8 17.Rfd1 Rab8 18.Rd2 h6 19.Ne1 a5 20.f3 a4 21.Nd3 Qb6 22.Rdc2 c4
23.Nb4 f5 24.Kh1 Rc7 25.e4 fxe4 26.fxe4 Bb7 27.h3 Rf8 28.Na2 Rcf7 29.Qxc4 Ba6
30.Qc5 Qb3 31.Nc3 Rf1+ 32.Kh2 Qb8+ 33.e5 Rxc1 34.Rxc1 Qxb2 35.Rb1 Qd2 36.Ne4 Qd3
37.Rb4 Qxa3 38.Nf6+ Kf7 39.Qa7+ Kg6 40.Rg4+ Kf5  1-0

[Event "Capablanca mem-A"]
[Site "Cienfuegos"]
[Date "1986.??.??"]
[Round "12"]
[White "Vladimirov, Evgeny"]
[Black "Sunye Neto, Jaime"]
[Result "1-0"]
[WhiteElo "2490"]
[BlackElo "2480"]

1.d4 Nf6 2.c4 e6 3.Nf3 b6 4.a3 d5 5.Nc3 Be7 6.cxd5 exd5 7.Qa4+ Bd7 8.Qc2 O-O
9.Bg5 Be6 10.Rd1 c5 11.e3 Nc6 12.Ba6 Na5 13.O-O c4 14.Rfe1 Bg4 15.h3 Bxf3
16.gxf3 Qd7 17.Kg2 h6 18.Bxf6 Bxf6 19.e4 dxe4 20.fxe4 g5 21.e5 Bg7 22.d5 g4
23.Qe4 gxh3+ 24.Kh1 Kh8 25.f4 Qg4 26.f5 h5 27.Qxg4 hxg4 28.Rd4 Rfe8 29.Rxg4 Rxe5
30.Reg1 Bf6 31.R4g3  1-0

[Event "Copenhagen op"]
[Site "Copenhagen"]
[Date "1986.??.??"]
[Round "10"]
[White "De Boer, Gert Jan"]
[Black "Kruszynski, Wlodzimierz"]
[Result "1/2-1/2"]
[WhiteElo "2430"]
[BlackElo "2360"]

1.d4 Nf6 2.Nf3 e6 3.c4 b6 4.a3 Ba6 5.Qc2 Bb7 6.Nc3 c5 7.e4 cxd4 8.Nxd4 d6
9.Be2 Be7 10.O-O O-O 11.Be3 Nbd7 12.f4 Rc8 13.Rad1 a6  1/2-1/2

[Event "Delmenhorst"]
[Site "Delmenhorst"]
[Date "1986.??.??"]
[Round "?"]
[White "Barbero, Gerardo F"]
[Black "Kruszynski, Wlodzimierz"]
[Result "1/2-1/2"]
[WhiteElo "2520"]
[BlackElo "2360"]

1.d4 Nf6 2.c4 e6 3.Nf3 b6 4.a3 Ba6 5.Qc2 Bb7 6.Nc3 c5 7.e4 cxd4 8.Nxd4 d6
9.Be2 Nbd7 10.O-O Be7 11.Be3 a6 12.Rfd1 O-O 13.f3 Rc8 14.Qd2 Ne5 15.b3 Qc7
16.Rac1 Qb8 17.Na4 Ned7 18.b4 Bd8 19.Kh1 Bc7 20.Bg1 Rfe8 21.Rb1 Qa8 22.Nb3 Rcd8
23.Rdc1 Bc6 24.Nc3 Rc8 25.a4 Red8 26.b5 Bb7 27.bxa6 Bxa6 28.Nb5 Nc5 29.Nxc7 Rxc7
30.a5 bxa5 31.Nxc5 dxc5 32.Qxa5 Qc8 33.Rb6 Bb7 34.Rcb1 Re8 35.Rd6 Nd7 36.Rbd1 e5
37.Qd2 Nf8 38.Qg5 Rce7 39.R1d2 Qc7 40.Bd1 Ra8 41.h4 Re6 42.R6d3 Re7 43.Rd6 Re6
44.R6d3 Re7 45.Rd6  1/2-1/2

[Event "DEN-ch"]
[Site "DEN"]
[Date "1986.??.??"]
[Round "8"]
[White "Schandorff, Lars"]
[Black "Ochsner, Thomas"]
[Result "1-0"]
[WhiteElo "2335"]
[BlackElo "2275"]

1.d4 Nf6 2.Nf3 e6 3.c4 b6 4.a3 Ba6 5.Qc2 Bb7 6.Nc3 c5 7.e4 cxd4 8.Nxd4 Nc6
9.Nxc6 Bxc6 10.Bf4 d6 11.Rd1 Qc7 12.Be2 Be7 13.O-O O-O 14.Rd2 Rfd8 15.Rfd1 Rd7
16.b4 Rad8 17.Be3 Qb8 18.f3 d5 19.cxd5 exd5 20.exd5 Nxd5 21.Nxd5 Bxd5 22.Bb5 Rc7
23.Qb2 Bc6 24.Rxd8+ Bxd8 25.Bxc6 Rxc6 26.Bf4 Bc7 27.Qd4 h6 28.Qd7 Rc4 29.Re1 Bxf4
30.Re8+ Kh7 31.Qf5+  1-0

[Event "Dubai ol (Men)"]
[Site "Dubai"]
[Date "1986.??.??"]
[Round "1"]
[White "Mateus, Manuel"]
[Black "Lau, Ralf"]
[Result "0-1"]
[WhiteElo "2220"]
[BlackElo "2455"]

1.d4 Nf6 2.c4 e6 3.Nf3 b6 4.a3 Ba6 5.Qc2 Bb7 6.Nc3 c5 7.e4 cxd4 8.Nxd4 d6
9.Be2 Nbd7 10.O-O a6 11.Be3 Be7 12.f3 O-O 13.Rfd1 Rc8 14.Kh1 Qc7 15.Rd2 Ne5
16.Na4 Nfd7 17.b3 g5 18.Qd1 Ng6 19.Qe1 h6 20.Bd3 Bf6 21.Rad1 Be5 22.g3 Nc5
23.Nxc5 dxc5 24.Ne2 f5 25.Bc2 Rf7 26.Qg1 Kh7 27.Qg2 f4 28.Bf2 Bc6 29.g4 Rd7
30.Rxd7+ Bxd7 31.h4 Kg7 32.h5 Ne7 33.Qf1 Be8 34.Qe1 Bb2 35.a4 Nc6 36.Rd2 Rd8
37.Qd1 Rxd2 38.Qxd2 Qd7 39.Qxd7+ Bxd7 40.Kg2 Kf6 41.Kf1 Ke5 42.Bb1 Kd6 43.Be1 Ne5
44.Kf2 b5 45.axb5 axb5 46.cxb5 Bxb5 47.Bd2 Bd3 48.Bxd3 Nxd3+ 49.Kf1 Ne5 50.Kf2 Kc6
51.Nc3 Bc1 52.Be1 Be3+ 53.Ke2 Kb6 54.Nb1 Nc6 55.Bc3 Bd4 56.Be1 Bg7 57.Bf2 Kb5
58.Nd2 Kb4 59.Kd3 Bd4 60.Bxd4 Nxd4 61.e5 Nxb3 62.Ne4 c4+ 63.Kc2 Nd4+  0-1

[Event "Wch U20"]
[Site "Gausdal"]
[Date "1986.??.??"]
[Round "6"]
[White "Matamoros Franco, Carlos S"]
[Black "Gil Capape, Javier"]
[Result "1-0"]
[WhiteElo "2325"]
[BlackElo "2300"]

1.d4 Nf6 2.c4 e6 3.Nf3 b6 4.a3 Bb7 5.Nc3 d5 6.cxd5 Nxd5 7.e3 g6 8.Bb5+ c6
9.Bc4 Bg7 10.e4 Nxc3 11.bxc3 O-O 12.O-O c5 13.Qd3 Nc6 14.Bg5 Qd6 15.Rad1 Na5
16.Ba2 c4 17.Qe3 Qxa3 18.Bb1 Rfe8 19.h4 b5 20.e5 b4 21.h5 Qxc3 22.Qf4 Bxf3
23.gxf3 b3 24.Bf6 Qb4 25.hxg6 fxg6 26.Bxg6 hxg6 27.Bxg7 Re7 28.Bf6 Rh7 29.d5 exd5
30.Rxd5 Nc6 31.Qg4 Qf8 32.Qe6+ Rf7 33.Qxc6 Rc8 34.Qe6 c3 35.Kg2 Qe8 36.Rh1  1-0

[Event "Wch U20"]
[Site "Gausdal"]
[Date "1986.??.??"]
[Round "12"]
[White "Agdestein, Simen"]
[Black "Hellers, Ferdinand"]
[Result "1/2-1/2"]
[WhiteElo "2545"]
[BlackElo "2440"]

1.d4 Nf6 2.Nf3 e6 3.c4 b6 4.a3 Ba6 5.Qc2 Bb7 6.Nc3 c5 7.e4 cxd4 8.Nxd4 d6
9.Be2 Nbd7 10.O-O Be7 11.Be3 O-O 12.Rfd1 a6 13.Rac1 Rc8 14.f3 d5 15.exd5 exd5
16.Nf5 dxc4 17.Kh1 b5 18.a4 b4 19.Ne4 Nxe4 20.fxe4 Bc5 21.Bxc5 Rxc5 22.Bxc4 Qc7
23.b3 Kh8 24.Nd6 Ne5 25.Qd2 Rd8 26.Qd4 f6 27.Nb5 Rxd4 28.Nxc7 Rxd1+ 29.Rxd1 h5
30.Nxa6 Rxc4 31.bxc4 Bxa6 32.c5 b3 33.Rd8+ Kh7 34.Rb8 Bc4 35.Rb6 Bd3 36.Rxb3 Bxe4
37.a5 Nd7 38.Rb5 Bc6 39.Rb4 Kg6 40.a6 Nxc5 41.Rc4 Bxg2+ 42.Kxg2 Nxa6 43.Kf3 Nb8
44.Rc7 Na6 45.Rc8 Kf5 46.Ke3 g5 47.Kd4 h4 48.h3 Nb4 49.Rc4 Na6 50.Kd5 Nb8
51.Kd6 Na6 52.Ra4 Nb8 53.Rb4 Na6 54.Ra4 Nb8 55.Rb4 Na6 56.Rd4 Nb8 57.Ra4 Kg6
58.Ra8 g4 59.hxg4 Kg5 60.Rxb8 Kxg4 61.Kd5 h3 62.Ke4 h2 63.Rh8 Kg3 64.Ke3 Kg2
65.Ke2 h1=Q 66.Rg8+ Kh3 67.Rh8+ Kg2 68.Rg8+ Kh3  1/2-1/2

[Event "Hastings8687"]
[Site "Hastings"]
[Date "1986.??.??"]
[Round "?"]
[White "Plaskett, Jim"]
[Black "Chandler, Murray G"]
[Result "0-1"]
[WhiteElo "2450"]
[BlackElo "2565"]

1.Nf3 Nf6 2.d4 e6 3.c4 b6 4.a3 Bb7 5.Nc3 d5 6.cxd5 exd5 7.Bg5 Be7 8.e3 O-O
9.Bd3 Nbd7 10.O-O c5 11.Rc1 Ne4 12.Bf4 Nxc3 13.Rxc3 c4 14.Bb1 Nf6 15.Ne5 b5
16.f3 a5 17.g4 Nd7 18.Rc2 Nxe5 19.Bxe5 Bd6 20.f4 Bxe5 21.fxe5 Bc8 22.Rg2 b4
23.g5 g6 24.Rf6 bxa3 25.bxa3 Qe7 26.Rgf2 Rb8 27.Bc2 Qxa3 28.Qf3 Be6 29.h4 Qc1+
30.Kg2 Rb2 31.Rxe6 Qxc2 32.Rd6 Qxf2+ 33.Qxf2 Rxf2+ 34.Kxf2 Ra8 35.Rxd5 a4
36.Rb5 a3 37.Rb1 c3 38.Ke2 c2 39.Ra1 Rb8  0-1

[Event "NLD-ch"]
[Site "Hilversum"]
[Date "1986.??.??"]
[Round "1"]
[White "Van der Sterren, Paul"]
[Black "Ligterink, Gert"]
[Result "1-0"]
[WhiteElo "2470"]
[BlackElo "2470"]

1.d4 Nf6 2.c4 e6 3.Nf3 b6 4.a3 Ba6 5.Qc2 Bb7 6.Nc3 c5 7.e4 cxd4 8.Nxd4 Nc6
9.Nxc6 Bxc6 10.Bf4 Bc5 11.Be2 Bd4 12.Bd6 Bxc3+ 13.Qxc3 Bxe4 14.O-O h5 15.f3 Bb7
16.h4 Rc8 17.b4 Rg8 18.Qe5 g6 19.Rad1 Nh7 20.Rd4 f5 21.c5 g5 22.f4 g4 23.g3 Nf6
24.Bc4 Kf7 25.Qxf5 bxc5 26.bxc5 Bd5 27.Bxd5 exd5 28.Rxd5 Re8 29.Be5  1-0

[Event "KRO m"]
[Site "Hilversum"]
[Date "1986.??.??"]
[Round "3"]
[White "Jussupow, Artur"]
[Black "Timman, Jan H"]
[Result "1/2-1/2"]
[WhiteElo "2660"]
[BlackElo "2620"]

1.d4 Nf6 2.c4 e6 3.Nf3 b6 4.a3 Ba6 5.Qc2 Bb7 6.Nc3 c5 7.dxc5 bxc5 8.Bg5 Be7
9.e3 d6 10.Be2 Nh5 11.Bxe7 Qxe7 12.b4 Nc6 13.bxc5 dxc5 14.Rb1 Nf6 15.O-O O-O
16.Rb5 Rac8 17.Rfb1 Ba8 18.h3 Nd7 19.Ne1 f5 20.Nd3 Nce5 21.Nxe5 Nxe5 22.f4 Nf7
23.Rd1 Qh4 24.Bf1 Rfd8 25.Ra5 Rxd1 26.Nxd1 Be4 27.Qc3 Qe7 28.Nf2  1/2-1/2

[Event "HUN-ch"]
[Site "?"]
[Date "1986.??.??"]
[Round "?"]
[White "Farago, Ivan"]
[Black "Petran, Pal"]
[Result "1-0"]
[WhiteElo "2520"]
[BlackElo "2420"]

1.d4 Nf6 2.c4 e6 3.Nf3 b6 4.a3 Ba6 5.Qc2 Bb7 6.Nc3 c5 7.e4 cxd4 8.Nxd4 d6
9.f3 Be7 10.Be3 O-O 11.Qf2 Nbd7 12.Be2 Rc8 13.O-O Qc7 14.Rac1 Qb8 15.Rfd1 Ne5
16.Qf1 Rfd8 17.Kh1 Ng6 18.b4 Rd7 19.Nb3 Ne5 20.f4 Ng6 21.Bd3 Qa8 22.Nd2 Rcd8
23.Bg1 d5 24.cxd5 exd5 25.e5 Ne4 26.Bd4 f5 27.Bb5 Nf8 28.Bxd7 Rxd7 29.Ndxe4 fxe4
30.f5 Bg5 31.Rc2 Rc7 32.Nxe4 Rxc2 33.Nxg5 h6 34.Nf3 Qc8 35.e6 Nh7 36.Qe1 Ba6
37.Qg3 Qf8 38.Re1 Be2 39.Ng1 Ng5 40.Rxe2 Rxe2 41.Nxe2 Qxf5  1-0

[Event "HUN-ch"]
[Site "?"]
[Date "1986.??.??"]
[Round "?"]
[White "Farago, Ivan"]
[Black "Horvath, Jozsef"]
[Result "1/2-1/2"]
[WhiteElo "2520"]
[BlackElo "2475"]

1.d4 Nf6 2.c4 e6 3.Nf3 b6 4.a3 Bb7 5.Nc3 d5 6.cxd5 exd5 7.Bf4 Bd6 8.Bxd6 Qxd6
9.g3 O-O 10.Bg2 a6 11.O-O Nbd7 12.Rc1 Rfe8 13.e3 Rac8 14.b4 Nf8 15.Qb3 Ne6  1/2-1/2

[Event "URS-FL"]
[Site "Irkutsk"]
[Date "1986.??.??"]
[Round "?"]
[White "Vyzmanavin, Alexey"]
[Black "Razuvaev, Yuri S"]
[Result "1-0"]
[WhiteElo "2480"]
[BlackElo "2535"]

1.d4 Nf6 2.c4 e6 3.Nf3 b6 4.a3 Ba6 5.Qc2 Bb7 6.Nc3 c5 7.e4 cxd4 8.Nxd4 d6
9.Be2 Nbd7 10.Be3 Be7 11.f4 a6 12.O-O-O O-O 13.g4 d5 14.exd5 exd5 15.g5 Ne8
16.Nxd5 Nd6 17.Nf5 Nxf5 18.Qxf5 g6 19.Qh3 Re8 20.Kb1 Bf8 21.Bf3 Qc8 22.Qxd7 Qxd7
23.Nf6+ Kh8 24.Rxd7 Bxf3 25.Nxe8 Bxh1 26.Bd4+ Kg8 27.Nf6+ Kg7 28.Nd5+ Kg8
29.Nxb6 Re8 30.Nd5 Re1+ 31.Ka2 Rd1 32.Nf6+ Kg7 33.Ng4+ Kg8 34.Rd8  1-0

[Event "URS-FL"]
[Site "Irkutsk"]
[Date "1986.??.??"]
[Round "?"]
[White "Balashov, Yuri S"]
[Black "Gavrikov, Viktor"]
[Result "1/2-1/2"]
[WhiteElo "2530"]
[BlackElo "2550"]

1.d4 Nf6 2.c4 e6 3.Nf3 b6 4.a3 Bb7 5.Nc3 d5 6.cxd5 Nxd5 7.Qc2 c5 8.e4 Nxc3
9.bxc3 Nc6 10.Bb2 Be7 11.Rd1 cxd4 12.cxd4 O-O 13.Bd3 Rc8 14.Qe2 Na5 15.O-O Bf6
16.Rfe1 Rc7 17.h3 Kh8 18.a4 Bc6 19.Bc2 Qc8 20.Rc1 Rd8 21.Red1 Bb7 22.Bd3 Kg8
23.Rxc7 Qxc7 24.Rc1  1/2-1/2